| 000 | 00902nam a2200205 a 4500 | ||
|---|---|---|---|
| 001 | 15222 | ||
| 003 | CO-ViMGA | ||
| 008 | 141112s2004 ck r 000 u spa d | ||
| 020 | _a9586006018 | ||
| 040 |
_aCO-ViMGA _bspa _cCO-ViMGA |
||
| 082 | 0 | 4 | _a657.45 C363a |
| 100 | 1 |
_aCepeda, Gustavo _922097 |
|
| 245 | 1 | 0 | _aAuditoría y control interno |
| 260 |
_aBogotá, _cMcGraw Hill, _c1997 |
||
| 300 | _a234.p. | ||
| 505 | _aSistema de control interno.SCI Diseño, implantación y fortalecimiento del sistema de control interno Auditoría interna Implantación de la auditoría interna El auditor Evaluación del sistema de control interno Función de la auditoría Planeación de la auditoría Programas de auditoría Papeles de trabajo El informe de auditoía Auditoría operativa Auditoría financiera Auditoría en informática | ||
| 650 | 1 | 4 | _aAUDITORIA |
| 650 | 1 | 4 | _aCONTROL INTERNO |
| 942 |
_2ddc _cBK |
||
| 999 |
_c25588 _d25588 |
||